000
00300nam a2200109Ia 4500
008
220204s9999 xx 000 0 und d
082
_a
332.021.8
_b
FRY
245
0
_a
Land tenure and peasant in South Asia
260
_a
New Delhi
_b
Orient Longman
_c
1977
700
_a
FRYKENBERG, Robert Eric
942
_c
BK
999
_c
28076
_d
28076